| 000 | 00000nam 2200000za 4500 |
| 001 | 9.600636 |
| 003 | CaOODSP |
| 005 | 20210624205700 |
| 007 | cr ||||||||||| |
| 008 | 150406s1996 onc ||||o f00| 0 fre d |
| 040 | |aCaOODSP|bfre |
| 043 | |an-cn--- |
| 086 | 1 |aNH18-1/16-1996F-PDF |
| 245 | 03|aLa moisissure dans les sous-sols aménagés |h[ressource électronique] : |brapport final à l'intention de, Division des politiques et de la recherche en matière technique, Société canadienne d'hypothèques et de logement / |cpar Scanada Consultants Limited. |
| 260 | |aOttawa : |bLa Division, |c1996. |
| 300 | |aiii, 16 p. |
| 490 | 1 |aRapport de recherche |
| 500 | |a« Avril 1996. » |
| 500 | |aPubl. aussi en anglais sous le titre: Molds in finished basements. |
| 590 | |a11-08-Supp|b2011-06-16 |
| 692 | 07|2gccst|aLogement |
| 692 | 07|2gccst|aQualité de l'air |
| 710 | 2 |aSociété canadienne d'hypothèques et de logement.|bDivision des politiques et de la recherche en matière technique. |
| 710 | 2 |aScanada Consultants Limitée. |
| 710 | 2 |aSociété canadienne d'hypothèques et de logement. |
| 775 | 08|tMolds in finished basements |w(CaOODSP)9.569541 |
| 830 | #0|aResearch report (Société canadienne d'hypothèques et de logement : En ligne)|w(CaOODSP)9.502470 |
| 856 | 40|qPDF|s2.53 Mo|uhttps://publications.gc.ca/collections/collection_2011/schl-cmhc/nh18-1/NH18-1-16-1996-fra.pdf |